Statistics for 10 biggest countries in 1 minute

Click here to take the quiz!

General Stats

  • This quiz has been taken 46 times
  • The average score is 9 of 10

Answer Stats

Answer % Correct
1Russia
100%
2Canada
100%
3China
100%
4Usa
100%
6Australia
98%
5Brazil
95%
7India
90%
8Argentina
85%
10Algeria
73%
9Kazakhstan
68%

Score Distribution

Percentile by Number Answered

Percent of People with Each Score

Your Score History

You have not taken this quiz